000
00306nam a22001337a 4500
008
181018b xxu||||| |||| 00| 0 eng d
020
_a
9781934691175
041
_a
eng
080
_a
321
100
_a
31
101
_a
pol
245
_a
Indigenous Right StruGies In Ecuador
_c
James.p
942
_2
udc
_c
BK
999
_c
50159
_d
50159